000 00863cam a2200241 i 4500
003 SA-RiAUC
005 20250613162518.0
008 250612s1985 ku a g b 00000 ara ر
040 _aSA-RiAUC
_bara
_cSA-RiAUC
_erda
082 0 4 _a711.4
090 _a711.4
_bا ب ر
100 1 _aإبراهيم، أحمد حسن
_eمؤلف.
245 1 2 _aالمدن الجديدة بين النظرية والتطبيق /
_cأحمد حسن إبراهيم.
264 1 _aالكويت :
_bذات السلاسل،
_c1985
300 _a179 صفحة :
_bإيضاحيات ؛
_c24 سم
336 _aنص
_btxt
_2rdacontent
_3كتاب
337 _aبدون وسيط
_bn
_2rdamedia
338 _aمجلد
_bnc
_2rdacarrier
650 7 _aتخطيط المدن
_2aucsh
650 7 _aالمدن والقرى
_2aucsh
942 _2ddc
_cBOOK
_n0
949 _aSA-JeALM
_d250612
_uosman123
_n1
999 _c8923
_d8923